|
|
|
|
| LEADER |
01119nam a2200277 a 4500 |
| 001 |
12695584 |
| 008 |
090616s2003 maua b 001 0 eng d |
| 010 |
|
|
|a 2002025533
|
| 020 |
|
|
|a 0072469943 (alk. paper)
|
| 020 |
|
|
|a 0071198644 (international ed.)
|
| 040 |
|
|
|a DLC
|c DLC
|d DLC
|
| 082 |
0 |
0 |
|a 658.3
|2 21
|
| 100 |
1 |
|
|a Noe, Raymond A.
|
| 245 |
0 |
0 |
|a Human resource management :
|b gaining a competitive advantage /
|c Raymond A. Noe ... [et al.].
|
| 250 |
|
|
|a 4th ed.
|
| 260 |
|
|
|a Boston :
|b McGraw-Hill/Irwin,
|c c2003.
|
| 300 |
|
|
|a xxviii, 740 p. :
|b col. ill. ;
|c 26 cm. +
|e 1 CD-ROM (4 3/4 in.)
|
| 504 |
|
|
|a Includes bibliographical references and indexes.
|
| 541 |
1 |
|
|e 00014832
|
| 650 |
|
0 |
|a Personnel management
|z United States.
|
| 700 |
1 |
|
|a Hollenbeck, John R.
|
| 700 |
1 |
|
|a Gerehart, Barry
|
| 700 |
1 |
|
|a Wright, Patrick M.
|
| 852 |
4 |
|
|a Ayesha Abed Library
|j General Shelf.
|
| 999 |
|
|
|c 1744
|d 1744
|
| 952 |
|
|
|0 0
|1 0
|2 ddc
|4 0
|6 658_300000000000000_NOE_2003
|7 0
|9 1597
|a BRACUL
|b BRACUL
|c GEN
|d 2009-06-28
|g 0.00
|l 10
|m 87
|o 658.3 NOE
|p 3010014832
|r 2021-02-25
|s 2020-01-19
|t 1
|w 2009-06-28
|y BK
|x No price found in the accession register.
|